000 00304nam a2200121Ia 4500
005 20251222144823.0
008 251222s9999||||xx |||||||||||||| ||spa||
082 _a510.332/C14
100 _aCcace, Francisco
245 0 _aRaccolta Di Esercizi Di Matemítica Finanziaria
264 _bBozzi
942 _cLIB
999 _c20543
_d20543